MLB American League Best Record - Statistics

General Stats
  • This quiz has been taken 28 times
    2 since last reset
  • The average score is 8 of 123
Answer Stats
Year Team % Correct
2023 Baltimore Orioles
100%
2022 Houston Astros
100%
2024 New York Yankees
100%
2025 Toronto Blue Jays
100%
2018 Boston Red Sox
50%
2017 Cleveland Indians
50%
2019 Houston Astros
50%
2015 Kansas City Royals
50%
2021 Tampa Bay Rays
50%
2020 Tampa Bay Rays
50%
2016 Texas Rangers
50%
1997 Baltimore Orioles
0%
1979 Baltimore Orioles
0%
1974 Baltimore Orioles
0%
1973 Baltimore Orioles
0%
1971 Baltimore Orioles
0%
1970 Baltimore Orioles
0%
1969 Baltimore Orioles
0%
1966 Baltimore Orioles
0%
1904 Boston Americans
0%
1903 Boston Americans
0%
2013 Boston Red Sox
0%
2007 Boston Red Sox
0%
1986 Boston Red Sox
0%
1967 Boston Red Sox
0%
1946 Boston Red Sox
0%
1918 Boston Red Sox
0%
1916 Boston Red Sox
0%
1915 Boston Red Sox
0%
1912 Boston Red Sox
0%
2005 Chicago White Sox
0%
2000 Chicago White Sox
0%
1983 Chicago White Sox
0%
1959 Chicago White Sox
0%
1919 Chicago White Sox
0%
1917 Chicago White Sox
0%
1906 Chicago White Sox
0%
1996 Cleveland Indians
0%
1995 Cleveland Indians
0%
1954 Cleveland Indians
0%
1948 Cleveland Indians
0%
1920 Cleveland Indians
0%
1987 Detroit Tigers
0%
1984 Detroit Tigers
0%
1968 Detroit Tigers
0%
1945 Detroit Tigers
0%
1940 Detroit Tigers
0%
1935 Detroit Tigers
0%
1934 Detroit Tigers
0%
1909 Detroit Tigers
0%
1908 Detroit Tigers
0%
1907 Detroit Tigers
0%
1977 Kansas City Royals
0%
2014 Los Angeles Angels of Anaheim
0%
2008 Los Angeles Angels of Anaheim
0%
1982 Milwaukee Brewers
0%
1991 Minnesota Twins
0%
1965 Minnesota Twins
0%
2012 New York Yankees
0%
2011 New York Yankees
0%
2009 New York Yankees
0%
2006 New York Yankees
0%
2004 New York Yankees
0%
2003 New York Yankees
0%
2002 New York Yankees
0%
1999 New York Yankees
0%
1998 New York Yankees
0%
1994 New York Yankees
0%
1980 New York Yankees
0%
1978 New York Yankees
0%
1976 New York Yankees
0%
1964 New York Yankees
0%
1963 New York Yankees
0%
1962 New York Yankees
0%
1961 New York Yankees
0%
1960 New York Yankees
0%
1958 New York Yankees
0%
1957 New York Yankees
0%
1956 New York Yankees
0%
1955 New York Yankees
0%
1953 New York Yankees
0%
1952 New York Yankees
0%
1951 New York Yankees
0%
1950 New York Yankees
0%
1949 New York Yankees
0%
1947 New York Yankees
0%
1943 New York Yankees
0%
1942 New York Yankees
0%
1941 New York Yankees
0%
1939 New York Yankees
0%
1938 New York Yankees
0%
1937 New York Yankees
0%
1936 New York Yankees
0%
1932 New York Yankees
0%
1928 New York Yankees
0%
1927 New York Yankees
0%
1926 New York Yankees
0%
1923 New York Yankees
0%
1922 New York Yankees
0%
1921 New York Yankees
0%
1992 Oakland Athletics
0%
1990 Oakland Athletics
0%
1989 Oakland Athletics
0%
1988 Oakland Athletics
0%
1981 Oakland Athletics
0%
1975 Oakland Athletics
0%
1972 Oakland Athletics
0%
1931 Philadelphia Athletics
0%
1930 Philadelphia Athletics
0%
1929 Philadelphia Athletics
0%
1914 Philadelphia Athletics
0%
1913 Philadelphia Athletics
0%
1911 Philadelphia Athletics
0%
1910 Philadelphia Athletics
0%
1905 Philadelphia Athletics
0%
2001 Seattle Mariners
0%
1944 St. Louis Browns
0%
2010 Tampa Bay Rays
0%
1993 Toronto Blue Jays
0%
1985 Toronto Blue Jays
0%
1933 Washington Senators
0%
1925 Washington Senators
0%
1924 Washington Senators
0%
No matching quizzes found
Score Distribution
Percent of People with Each Score
Percentile by Number Answered
Your Score History
You have not taken this quiz since the last reset